O mistério da patrulha do ártico (Record no. 44754)

MARC details
000 -Etiqueta do registo
Valores 00584cam a22002051 4500
100 ## - Dados gerais de processamento
Dados gerais 19920701d1970 m y0pory5003 ba
101 1# - Língua de publicação
Língua por
102 ## - País de publicação
País PT
200 1# - Titulo e menção de responsabilidade
Título próprio O mistério da patrulha do ártico
Primeira menção de responsabilidade Franklin W. Dixon
Outras menções de responsabilidade trad. Manuel Diniz
210 #9 - Publicação
Local de publicação Lisboa
Nome do editor Miridiano,
Data de publicação 1971
215 ## - Descrição física 
Paginação / Volumes 201, [2] p.
Outras indicações físicas pouco il.
Dimensões 20 cm
225 2# - Colecção 
Título próprio da colecção Série detective
Indicação de volume 10
304 ## - Nota relativa ao título
Texto de nota Tít. orig.: The artic patrol mistery
675 ## - CDU
Notação 820
Edição med
Língua por
700 #1 - Autor principal
Apelido Dixon,
Nome Franklin W.,
702 #1 - Autor secundário
ID Autoridade 2
Apelido Dinis,
Nome Manuel
Função 730
801 #0 - Fonte de origem
País PT
Agência BN
Regras de catalogação RPC
990 ## - Elementos KOHA
Tipo de documento Livro
Holdings
Aquisição Empréstimo Código de barras Cota Permissão de empréstimo Tipo de documento
Biblioteca Municipal de Redondo Biblioteca Municipal de Redondo 054636 82-93 DIX   Livro

Powered by Koha